000 00339nam a2200145Ia 4500
005 20250603145942.0
008 250603s9999 xx 000 0 und d
020 _a978-1-84205-370-6
100 _aCornwell, Barry
245 4 _aThe works of Shakespeare
260 _bGeddes & Grosset
260 _c2009
300 _a601 p
942 _cBK
999 _c43338
_d43338